Culture Générale - Série 756 - Statistiques

Statistiques générales
  • Ce quiz a été pris 199 fois
  • Le résultat moyen est 6 sur 10
Statistiques - réponses
Question Réponse % Correct
Comment s'appelle la créature mythologique mi-femme mi-poisson dont le chant provoquait des naufrages ? sirène
98%
Complétez le titre du film réalisé en 1998 par Robert Redford, "L'homme qui murmurait à ... l'oreille des chevaux
93%
Sur un clavier AZERTY, quel signe de ponctuation partage une touche avec le point-virgule ? point
91%
En Espagne, quel nom est donné à l'assortiment de hors-d'oeuvre et d'amuse-gueule ? tapas
90%
Quel métal de symbole Hg, trouvait-on dès 1715, dans les thermomètres ? mercure
86%
Qui est la "reine Christine" qui partage la vie de Bernard Kouchner ? Christine Ockrent
54%
Entre 1985 et 1993, quel musicien jouait de l'orgue électronique dans l'émission "Tournez manèges" ? Charly Oleg
29%
En français, "Hollywood" signifie littéralement : "bois de... houx
23%
Dans quel film de 1995, dédié à Serge Gainsbourg, Gérard Depardieu joue-t-il le père de Vanessa Paradis ? Elisa
14%
Qui a écrit “L'Automne à Pékin”, en 1943 ? Boris Vian
13%
Aucun quiz correspondant
Distribution des résultats
% des personnes avec chaque résultat
Percentile par nombre de réponses
Votre historique - résultats
Vous n’avez pas pris ce quiz